000 00543cam a22002291 4500
001 sa 64006209
003 DLC
005 20260227112038.0
008 890623s1963 ii 000 0 hino
010 _asa 64006209
035 _a(OCoLC)19919208
040 _aDLC
_cWaU
_dDLC
042 _apremarc
050 0 0 _aPN85
_b.R3
100 0 _aRaghuvansh,
_d1921-
245 1 0 _aSāhityakā nayā pariprekshya.
260 _c[1963]
300 _a312 p.
_c19 cm.
500 _aIn Hindi.
650 0 _aCriticism.
650 0 _aHindi literature.
999 _c59577
_d59577